000 00924nam a22003017a 4500
001 BR2014003122
003 BR-BrBNA
005 20230928104438.0
007 ta
008 230509b bl.||||| |||| 00| 0 por d
040 _aBR-BrBNA
_bpor
_cBiblioteca Nacional de Agricultura
041 _a(Por)
072 _aF30; H20
_b1112
_b4110
090 _ 1112 BR2014003122
100 1 _aPinheiro, C.R.
110 1 _aUniversidade Federal de Lavras, MG (Brasil)
_0Tese (Mestrado)
245 1 _aEstudo da diversidade genética de Ralstonia solanacearum raça 2, no Brasil
260 3 _aLavras, MG (Brasil):
_c2010.
300 _a61 p.
500 _aSummaries (Eng, Por); Several bibliography; 9 illus.
650 _aBANANA
650 _aMURCHA BACTERIANA
650 _aVARIAÇÃO GENÉTICA
650 _aMARCADOR MOLECULAR
650 _aTRANSMISSÃO DE DOENÇA
909 _a202309
_bLucia
_c55
_dLucia Elande
942 _cBK
999 _c79948
_d79948